Flagi państw Układu Warszawskiego – nagła śmierć - Statystyki

Ogólne statystyki
  • Ten quiz został rozwiązany 36 razy
    35 od ostatniego zresetowania
  • Średni wynik to 5 z 8
Answers on the Grid
Answers color-coded by a green-red scale on the quiz's grid according to % correct below.
 
Statystyki odpowiedzi
Odpowiedź % Poprawnych
81%
76%
71%
67%
67%
38%
33%
29%
Nie znaleziono quizów pasujących do podanych kryteriów
Rozkład punktacji
Procent ludzi z każdym wynikiem
Percentyl według liczby udzielonych odpowiedzi
Twoja historia wyników
Nie rozwiązałeś tego quizu od ostatniego zresetowania